Redemocratização e mudança social no Brasil /
Saved in:
| Other Authors: | , |
|---|---|
| Format: | Book |
| Language: | Portuguese |
| Published: |
Rio de Janeiro, RJ, Brasil :
FGV Editora,
[2014]
|
| Subjects: | |
| Tags: |
Add Tag
No Tags, Be the first to tag this record!
|
| LEADER | 02481cam a2200469 i 4500 | ||
|---|---|---|---|
| 001 | 014509727-7 | ||
| 005 | 20151117083318.0 | ||
| 008 | 150422t20142014bl b 000 0 por d | ||
| 010 | |a 2015336508 | ||
| 016 | 7 | |a 016945553 |2 Uk | |
| 020 | |a 9788522515035 | ||
| 020 | |a 8522515034 | ||
| 035 | 0 | |a ocn891073283 | |
| 040 | |a SBACH |b eng |e rda |c SBACH |d DLC |d TEF |d UKMGB |d TJC |d OCLCF | ||
| 042 | |a lcode |a lccopycat | ||
| 043 | |a s-bl--- | ||
| 050 | 0 | 0 | |a HN283.5 |b .R425 2014 |
| 082 | 0 | 0 | |a 306.0981 |2 23 |
| 245 | 0 | 0 | |a Redemocratização e mudança social no Brasil / |c Maria Celina D'Araujo (org.) ; Roberto DaMatta [and twelve others]. |
| 264 | 1 | |a Rio de Janeiro, RJ, Brasil : |b FGV Editora, |c [2014] | |
| 264 | 4 | |c ©2014 | |
| 300 | |a 229 pages ; |c 23 cm | ||
| 336 | |a text |b txt |2 rdacontent | ||
| 337 | |a unmediated |b n |2 rdamedia | ||
| 338 | |a volume |b nc |2 rdacarrier | ||
| 504 | |a Includes bibliographical references. | ||
| 505 | 0 | |a Apresentação / Roberto DaMatta -- A propósito de uma introdução / Luiz Werneck Vianna -- Educação, sociedade e democracia : a transição democrática da escola / Marcelo Baumann Burgos -- O desafio da desigualdade social / Sarah Silva Telles -- Trajetórias de mulheres brasileiras em deslocamento : gênero, raça e violência / Sonia Maria Giacomini e Ebe Campinha dos Santos -- O fazer etnográfico : entre práticas e representações da violência / Paulo Jorge Ribeiro e Valter Sinder -- Movimentos sociais e teoria crítica : notas sobre a redemocratização brasileira / Angela Randolpho Paiva -- Cidade mutante / Maria Alice Rezende de Carvalho -- Mãos visíveis e invisíveis na construção do Brasil moderno / Eduardo Raposo -- A trajetória do federalismo na redemocratização brasileira : competição como regra e cooperação como princípio / Ricardo Ismael -- Elites burocráticas, dirigentes públicos e política no Poder Executivo do Brasil (1995-2012) / Maria Celina Soares D'Araujo. | |
| 651 | 0 | |a Brazil |x Social conditions. | |
| 650 | 0 | |a Democratization |z Brazil. | |
| 650 | 0 | |a Social change |z Brazil. | |
| 651 | 0 | |a Brazil |x Politics and government. | |
| 650 | 7 | |a Democratization. |2 fast | |
| 650 | 7 | |a Politics and government. |2 fast | |
| 650 | 7 | |a Social change. |2 fast | |
| 650 | 7 | |a Social conditions. |2 fast | |
| 651 | 7 | |a Brazil. |2 fast | |
| 700 | 1 | |a Araújo, Maria Celina Soares d', |e editor. | |
| 700 | 1 | |a Matta, Roberto da. | |
| 899 | |a 415_566011 | ||
| 988 | |a 20151019 | ||
| 049 | |a HLSS | ||
| 906 | |0 OCLC | ||


